Państwa najbliższe Kuwejtowi - Jedna Minuta Sprint - Statystyki

Ogólne statystyki
  • Ten quiz został rozwiązany 62 razy
  • Średni wynik to 14 z 20
Statystyki odpowiedzi
km kraj % Poprawnych
0 Arabia Saudyjska
98%
0 Irak
90%
20 Iran
90%
379 Katar
88%
1093 Izrael
87%
807 Oman
87%
1106 Jemen
83%
322 Bahrajn
81%
761 Syria
79%
1132 Egipt
77%
560 Zjednoczone Emiraty Arabskie
73%
776 Jordania
69%
815 Turcja
69%
1099 Liban
63%
1207 Afganistan
48%
1207 Pakistan
48%
983 Armenia
46%
928 Azerbejdżan
46%
1096 Palestyna
29%
975 Turkmenistan
15%
Nie znaleziono quizów pasujących do podanych kryteriów
Rozkład punktacji
Procent ludzi z każdym wynikiem
Percentyl według liczby udzielonych odpowiedzi
Twoja historia wyników
Nie rozwiązałeś tego quizu